000 02681cam a22003618i 4500
001 22324098
003 OSt
005 20260514105759.0
008 211129s2022 nyu b 001 0 eng
010 _a 2021057705
020 _a9780367767969
_q(paperback)
035 _a22324098
040 _aDLC
_beng
_erda
_cDLC
_dDLC
042 _apcc
050 0 0 _aPN1995
_b.M3775 2022
100 1 _aMcDonald, Kevin,
_d1976-
_eauthor.
245 1 0 _aFilm theory :
_bthe basics /
_cKevin McDonald.
250 _aSecond edition.
264 1 _aNew York :
_bRoutledge, Taylor & Francis Group,
_c2022.
300 _aviii, 262 pages ;
_c21 cm.
336 _atext
_btxt
_2rdacontent
337 _aunmediated
_bn
_2rdamedia
338 _avolume
_bnc
_2rdacarrier
490 0 _aThe basics
504 _aIncludes bibliographical references and index.
505 0 _aIntroduction -- Theory before theory, 1915-1960 -- French theory, 1949-1968 -- Screen theory, 1969-1996 -- Post theory, 1996-Present -- Theory after film theory -- Summary.
520 _a"Fully updated and expanded throughout, this second edition of Film Theory: The Basics provides an accessible introduction to the key theorists, concepts, and debates that have shaped the study of moving images. The book examines film theory from its emergence in the early twentieth century to its study in the present day, and explores why film has drawn special attention as a medium, as a form of representation, and as a focal point in the rise of modern visual culture. It also emphasizes how film theory has developed as a historically contingent discourse, one that has evolved and changed in conjunction with different social, political, and intellectual factors. This second edition offers a detailed account of new theoretical directions at the forefront of film studies in the twenty-first century, and draws additional attention to how theory engages with today's most pressing questions about digital technologies, the environment, and racial justice. Complete with questions for discussion and a glossary of both key terms and key theorists, this book in an invaluable resource for those new to film theory and for anyone else interested in the history and significance of critical thinking in relation to the moving image"--
_cProvided by publisher.
650 0 _aMotion pictures
_xPhilosophy.
776 0 8 _iOnline version:
_aMcDonald, Kevin, 1976-
_tFilm theory.
_bSecond edition
_dNew York : Routledge, 2022
_z9781003171379
_w(DLC) 2021057706
906 _a7
_bcbc
_corignew
_d1
_eecip
_f20
_gy-gencatlg
942 _2lcc
_cBK
999 _c2675
_d2675